Cours de biochimie : lipides (Record no. 41601)
[ view plain ]
| 000 -LEADER | |
|---|---|
| fixed length control field | 00559 a2200265 4500 |
| 037 ## - SOURCE OF ACQUISITION | |
| Source of stock number/acquisition | 4, Achat |
| 037 ## - SOURCE OF ACQUISITION | |
| Stock number | S 5983 |
| 037 ## - SOURCE OF ACQUISITION | |
| Stock number | S 5984 |
| 037 ## - SOURCE OF ACQUISITION | |
| Stock number | S 5985 |
| 037 ## - SOURCE OF ACQUISITION | |
| Stock number | S 5986 |
| 100 ## - VEDETTE PRINCIPALE - NOM DE PERSONNE | |
| Personal name | Lederer, Edgar |
| 100 ## - VEDETTE PRINCIPALE - NOM DE PERSONNE | |
| Language of a work | Fr |
| 260 ## - PUBLICATION, DISTRIBUTION, ETC. (IMPRINT) | |
| Place of publication, distribution, etc | Paris |
| 260 ## - PUBLICATION, DISTRIBUTION, ETC. (IMPRINT) | |
| Name of publisher, distributor, etc | Ediscience |
| 245 ## - TITLE STATEMENT | |
| Title | Cours de biochimie : lipides |
| 260 ## - PUBLICATION, DISTRIBUTION, ETC. (IMPRINT) | |
| Date of publication, distribution, etc | 1970 |
| 300 ## - PHYSICAL DESCRIPTION | |
| Extent | 124p |
| 300 ## - PHYSICAL DESCRIPTION | |
| Other physical details | 23cm |
| 440 ## - SERIES STATEMENT/ADDED ENTRY--TITLE | |
| Title | Collection Maîtrise |
| 630 ## - SUBJECT ADDED ENTRY--UNIFORM TITLE | |
| Uniform title | 57 - Biologie |
| 650 ## - SUBJECT ADDED ENTRY--TOPICAL TERM | |
| Topical term or geographic name as entry element | 5 - SCIENCES EXACTES ET NATURELLES |
| 650 ## - SUBJECT ADDED ENTRY--TOPICAL TERM | |
| Topical term or geographic name as entry element | Biochimie |
| Withdrawn status | Lost status | Damaged status | Not for loan | Location (home branch) | Sublocation or collection (holding branch) | Date acquired | Koha issues (times borrowed) | Koha full call number | Koha date last seen | Price effective from | Koha item type |
|---|---|---|---|---|---|---|---|---|---|---|---|
| Bibliothèque Universitaire Centrale | Bibliothèque Universitaire Centrale | 28/02/2009 | 577.1 LED | 28/02/2009 | 28/02/2009 | Livre |